|
|
|
|
| LEADER |
00000naa2a2200000 4500 |
| 001 |
633025 |
| 005 |
20250826092612.0 |
| 035 |
|
|
|a (RuTPU)RU\TPU\conf\34747
|
| 035 |
|
|
|a RU\TPU\conf\34740
|
| 090 |
|
|
|a 633025
|
| 100 |
|
|
|a 20210610d2021 k y0rusy50 ca
|
| 101 |
0 |
|
|a rus
|
| 102 |
|
|
|a RU
|
| 105 |
|
|
|a y z 101zy
|
| 135 |
|
|
|a drgn ---uucaa
|
| 181 |
|
0 |
|a i
|
| 182 |
|
0 |
|a b
|
| 200 |
1 |
|
|a Биосовместимые магнитоэлектрические наночастицы для адресной доставки лекарств
|f А. О. Уракова, Р. В. Чернозем, М. А. Сурменева
|g науч. рук. Р. А. Сурменев
|
| 203 |
|
|
|a Текст
|c электронный
|
| 225 |
1 |
|
|a Перспективные материалы и нанотехнологии
|
| 300 |
|
|
|a Заглавие с титульного экрана
|
| 320 |
|
|
|a [Библиогр.: с. 387 (5 назв.)]
|
| 461 |
|
1 |
|0 (RuTPU)RU\TPU\conf\34506
|t Химия и химическая технология в XXI веке
|o материалы XXII Международной научно-практической конференции студентов и молодых ученых имени выдающихся химиков Л. П. Кулёва и Н. М. Кижнера, посвященной 125-летию со дня основания Томского политехнического университета, Томск, 17-20 мая 2021 г.
|o в 2 т.
|f Национальный исследовательский Томский политехнический университет (ТПУ) ; Инженерная школа природных ресурсов ; Исследовательская школа химических и биомедицинских технологий
|d 2021
|
| 463 |
|
1 |
|0 (RuTPU)RU\TPU\conf\34508
|t Т. 2
|v [С. 386-387]
|d 2021
|
| 610 |
1 |
|
|a труды учёных ТПУ
|
| 610 |
1 |
|
|a электронный ресурс
|
| 610 |
1 |
|
|a биосовместимость
|
| 610 |
1 |
|
|a наночастицы
|
| 610 |
1 |
|
|a адресная доставка
|
| 610 |
1 |
|
|a лекарства
|
| 610 |
1 |
|
|a магнитные носители
|
| 610 |
1 |
|
|a гетероструктуры
|
| 700 |
|
1 |
|a Уракова
|b А. О.
|c специалист в области материаловедения
|c лаборант Томского политехнического университета
|f 2002-
|g Алина Олеговна
|9 23103
|
| 701 |
|
1 |
|a Чернозем
|b Р. В.
|c физик
|c доцент Томского политехнического университета
|f 1992-
|g Роман Викторович
|3 (RuTPU)RU\TPU\pers\35157
|9 18423
|
| 701 |
|
1 |
|a Сурменева
|b М. А.
|c специалист в области материаловедения
|c инженер-исследователь Томского политехнического университета, старший научный сотрудник
|f 1984-
|g Мария Александровна
|3 (RuTPU)RU\TPU\pers\25832
|9 11705
|
| 702 |
|
1 |
|a Сурменев
|b Р. А.
|c физик
|c старший научный сотрудник Томского политехнического университета, доцент, кандидат физико-математических наук
|f 1982-
|g Роман Анатольевич
|4 727
|
| 712 |
0 |
2 |
|a Национальный исследовательский Томский политехнический университет
|b Исследовательская школа химических и биомедицинских технологий
|b Научно-исследовательский центр "Физическое материаловедение и композитные материалы"
|3 (RuTPU)RU\TPU\col\24957
|
| 801 |
|
2 |
|a RU
|b 63413507
|c 20210625
|g RCR
|
| 856 |
4 |
|
|u http://earchive.tpu.ru/handle/11683/67664
|
| 942 |
|
|
|c BK
|